Romanian: Prepositions - Statistics

General Stats
  • This quiz has been taken 21 times
    12 since last reset
  • The average score is 14 of 99
Answer Stats
Română English % Correct
În In
83%
E/Este Is
83%
Sunt Are
67%
Sub Under
67%
Cu (also of) With
67%
Despre/În jur (also around)/Cu privire la (also concerning, regarding)/Referitor la (also concerning) About
50%
Pentru For
50%
Cu cât (also longer) The more
50%
La (also at, in)/A To
50%
Împotriva Against
33%
Înaintea/Înainte de/Înainte Before
33%
Pe lângă (also by, along, past) Beside
33%
De (also to, of)/Pe (also on, upon, onto, at) By
33%
Considerând/Ținând cont de/Având în vedere (also given) Considering
33%
Mai puțin de Less than
33%
Mai mult decât More than
33%
De/Din Of
33%
Peste (also across)/Asupra (also upon, on, onto) Over
33%
Cu atât mai puțin The less
33%
Fără Without
33%
Pe cale să/De gând să About to
17%
De-a curmezișul Across
17%
Aproape acolo/Aproape am ajuns Almost there
17%
De-a lungul Along
17%
În afară de (also besides, other than) Apart from
17%
În jurul/În jur de/Cam pe la/Prin preajmă Around
17%
Ca și As
17%
La vârsta de At the age of
17%
Din cauza Because of
17%
Aproape de Close to
17%
În ciuda/În pofida Despite
17%
Pe durata/În timpul During
17%
Cu excepția (also with the exception of)/Exceptând Except for
17%
Din (also of)/De la (also at)/De pe (also off of, on)/Față de (also for, against) From
17%
În plus față de In addition to
17%
În favoarea In favour of
17%
În loc de Instead of
17%
Este vorba despre/E vorba de/E vorba despre It is about
17%
Chiar înainte Just before
17%
Ca (also as, since) Like
17%
Lângă (also close to, near, beside) Next to
17%
Relativ la Relative to
17%
Singurul lucru/Singura chestie The only thing
17%
Prin (also by) Through
17%
Pe parcursul (also over, during) Throughout
17%
Până (also up)/Până la/Până când/Până ce Until
17%
Ce-ar fi dacă What if
17%
Deasupra Above
0%
Conform/Conform cu/În funcție de (also based on, depending on)/În conformitate cu/Potrivit/După cum spune According to
0%
Printre (also between) Among
0%
Atât de devreme cât As early as
0%
Cât despre As for
0%
Atât de târziu cât As late as
0%
Atâția cât/Atâtea cât As many as
0%
Precum și/La fel de bine cum As well as
0%
În spatele (also behind) At the back of
0%
În partea de jos a At the bottom of
0%
La poalele/La baza (also at the base of) At the foot of
0%
La începutul At the start of
0%
În vârful At the top of
0%
În spatele/Din spatele/În urmă (also ago, back) Behind
0%
Mai jos/Jos Below
0%
Dincolo/Dincolo de Beyond
0%
Prin intermediul (also through, via)/Cu ajutorul (also with the help) By means of
0%
În virtutea By virtue of
0%
Contrar Contrary to
0%
Chiar până la Even up to
0%
În scopul de/În vederea (also in order to, with a view to) For the purpose of
0%
Dacă de asta/Dacă acesta este motivul If that's why
0%
În considerarea/Ținând cont de (also taking into account) In consideration of
0%
În contrast cu In contrast to
0%
Pentru a nu (also so as to not) In order not to
0%
Pentru a/În scopul de a/În vederea/Ca să (also to, so that) In order to
0%
Din punct de vedere (al) In terms of
0%
În fața (also in front of, before) In the face of
0%
În lumina In the light of
0%
În mijlocul/În centrul In the middle of
0%
Având în vedere In view of
0%
A fost It has been
0%
Merită menționat It is worth mentioning
0%
În numele On behalf of
0%
La același nivel cu/De același nivel cu On par with
0%
Din partea On the part of
0%
Pe partea de sus a/Pe deasupra (also over) On top of
0%
Vizavi de (also across from) Opposite
0%
În afara/Afară/Din afară Outside
0%
Nici atât cu/Cam atât cu/Asta e So much for
0%
Datorită (also due to, because of) Thanks to
0%
Decât cel/Decât cea/Decât cei/Decât cele Than the one
0%
Cel care/Cea care/Cei care/Cele care The one that
0%
E/Sunt/Îs (also there are) There is
0%
Mai este/Este încă/Există încă/Încă există (also there are still) There is still
0%
A fost (also has been)/Au fost/A existat There was
0%
Va fi/Vor fi/O să fie/O să There will be
0%
Spre (also to)/Către (also unto)/Față de (also from, compared to, for) Towards
0%
Spre deosebire de Unlike
0%
Pe baza (also based on) Upon
0%
În ceea ce privește With regard to
0%
Cu intenția de/Cu intenția de a With the intention of
0%
No matching quizzes found
Score Distribution
Percent of People with Each Score
Percentile by Number Answered
Your Score History
You have not taken this quiz since the last reset